Declaración sobre el derecho y el deber de los individuos, los grupos y las instituciones de promover y proteger los derechos humanos y las libertades fundamentales universalmente reconocidos /

Aprobada y proclamada por la Asamblea General de las Naciones Unidas el 10 de diciembre de 1948, la Declaración universal de los derechos humanos recoge los derechos del hombre considerados básicos. Aunque no es un documento obligatorio, ha servido como base para la creación de otros documentos tamb...

Full description

Saved in:
Bibliographic Details
Corporate Author: ONU
Format: Book
Language:Español
Published: México : Comisión Nacional de Derechos Humanos, 2001, c2001
Subjects:
Tags: Add Tag
No Tags, Be the first to tag this record!

MARC

LEADER 00000nam^a2200000^a^4500
001 000154425
005 20250521000000.0
009 20260310100354.555
037 |a Acervo ITESO - Biblioteca 
041 |a ESP 
082 |a 323.  |b ONU 
110 |a ONU 
240 1 1 |a [Declaración de los Defensores Civiles] 
245 1 0 |a Declaración sobre el derecho y el deber de los individuos, los grupos y las instituciones de promover y proteger los derechos humanos y las libertades fundamentales universalmente reconocidos / 
264 4 |a México :  |b Comisión Nacional de Derechos Humanos,  |c 2001, c2001 
300 |a 13 p. 
336 |a texto  |b txt  |2 rdacontenido 
337 |a sin mediación  |b n  |2 rdamedio 
338 |a volumen  |b nc  |2 rdasoporte 
520 |a Aprobada y proclamada por la Asamblea General de las Naciones Unidas el 10 de diciembre de 1948, la Declaración universal de los derechos humanos recoge los derechos del hombre considerados básicos. Aunque no es un documento obligatorio, ha servido como base para la creación de otros documentos también aprobados por la ONU con posterioridad y para fundamentar la defensa los derechos humanos en el mundo. Tal es el caso del presente documento aprobado por la Asamblea de la ONU en su sesión 53/144 en diciembre de 1998. 
610 |a ONU 
649 |a XX 
650 |a Derechos Humanos -  |x Tema Principal 
650 |a Organismos Internacionales 
650 |a Tratados Internacionales 
650 |a Derecho Internacional 
910 |a Fondo General 
920 |a Impresos - Libros 
930 |a Colección General 
905 |a 101 
901 |a 0500086337  |b IT1  |c ACC  |u 20250521 
902 |a https://opac.biblio.iteso.mx/vufind/Record/000154425